000
00340nam a22001457a 4500
008
221216b ||||| |||| 00| 0 eng d
020
_a
9780816077236
041
_a
eng
080
_2
THIRD EDITION
_a
61
082
_a
61STR
100
_a
4
101
_a
MJEKSI
245
_a
THE ENCYCLOPEDIA OF HIV AND ADIS
_c
STRATTON S
942
_2
udc
_c
BK
999
_c
59188
_d
59188